[Event "NZL-ch U10/20"]
[Site "Tauranga"]
[Date "2020.01.16"]
[Round "2"]
[White "Chen, Matthew1"]
[Black "McDougall, Euan"]
[Result "1/2-1/2"]
[WhiteElo "1330"]
[BlackElo "1679"]
[PlyCount "93"]
[EventDate "2020.01.15"]
[EventType "swiss"]
[EventRounds "6"]
[EventCountry "NZL"]
[SourceTitle "EXT 2023"]
[Source "ChessBase"]
[SourceDate "2022.10.05"]
[SourceVersion "1"]
[SourceVersionDate "2022.10.05"]
[SourceQuality "1"]

1. c4 Nf6 2. Nc3 d6 3. g3 g6 4. Bg2 Bg7 5. e4 e5 6. Nge2 c5 7. d3 Nc6 8. 0-0 h5 9. h3 Bd7 10. f4 Qc8 11. Kh2 0-0 12. Nd5 Nxd5 13. cxd5 Nd4 14. Nxd4 cxd4 15. Bd2 Bb5 16. Qb3 Qd7 17. f5 Rac8 18. h4 Ba4 19. Qa3 Rc2 20. Bb4 Rfc8 21. Bxd6 Re2 22. Rae1 Rxe1 23. Rxe1 gxf5 24. Bh3 Rc2+ 25. Kh1 Qb5 26. exf5 f6 27. Bg2 Rxb2 28. Rc1 Bc2 29. Be4 a5 30. Bc7 Bh6 31. Qe7 Bxd3 32. Qe6+ Kh7 33. Bxd3 Qxd3 34. Qe7+ Kh8 35. Qe8+ Kg7 36. Qe7+ Kg8 37. Qe8+ Kh7 38. Qe7+ Kg8 39. Qe8+ Kh7 40. Qf7+ Bg7 41. Qxh5+ Kg8 42. Qe8+ Kh7 43. Qh5+ Kg8 44. Qe8+ Kh7 45. Qh5+ Kg8 46. Qe8+ Bf8 47. Qg6+ 1/2-1/2

[Event "NZL-ch U10/20"]
[Site "Tauranga"]
[Date "2020.01.15"]
[Round "1"]
[White "McDougall, Euan"]
[Black "McDougall, Sylvia"]
[Result "1-0"]
[WhiteElo "1679"]
[BlackElo "1253"]
[PlyCount "125"]
[EventDate "2020.01.15"]
[EventType "swiss"]
[EventRounds "6"]
[EventCountry "NZL"]
[SourceTitle "EXT 2023"]
[Source "ChessBase"]
[SourceDate "2022.10.05"]
[SourceVersion "1"]
[SourceVersionDate "2022.10.05"]
[SourceQuality "1"]

1. d4 d5 2. c4 Nf6 3. Nc3 Nc6 4. Bf4 Bf5 5. e3 Nb4 6. Qa4+ Nc6 7. Nf3 e6 8. Ne5 Nd7 9. Nxc6 bxc6 10. c5 Nb8 11. Ba6 Bc2 12. Qxc2 Nxa6 13. Qa4 Nb8 14. 0-0 Be7 15. Rfb1 0-0 16. b4 Qd7 17. Qa5 Rc8 18. a4 Qd8 19. b5 cxb5 20. axb5 Nd7 21. Rb2 c6 22. bxc6 Qxa5 23. Rxa5 Rxc6 24. Rb7 Bd8 25. Raxa7 Rxa7 26. Rxa7 Nb6 27. Ne2 Nc8 28. Ra8 h6 29. h3 g5 30. Bg3 Kg7 31. Nc3 Bf6 32. Na2 Ne7 33. Nb4 Rc8 34. Rxc8 Nxc8 35. Nc6 Ne7 36. Nxe7 Bxe7 37. c6 Bd8 38. c7 Bxc7 39. Bxc7 f5 40. Kf1 Kg6 41. Ke2 h5 42. Kd3 g4 43. h4 Kf7 44. Kc3 Ke7 45. Kb4 Kd7 46. Be5 Kc6 47. Ka5 Kd7 48. Kb6 Ke7 49. Kc7 Kf7 50. Kd7 f4 51. Bxf4 Kf6 52. Be5+ Kf5 53. Ke7 g3 54. f3 Kg6 55. Kxe6 Kh6 56. Kxd5 Kg6 57. Ke6 Kh7 58. d5 Kh6 59. d6 Kg6 60. d7 Kh7 61. d8Q Kh6 62. Qf6+ Kh7 63. Qg7# 1-0

[Event "George Trundle Reserves"]
[Site "Auckland"]
[Date "2020.01.11"]
[Round "8"]
[White "McDougall, Euan"]
[Black "Ning, Isabelle Yixuan"]
[Result "1-0"]
[WhiteElo "1679"]
[BlackElo "1662"]
[PlyCount "145"]
[EventDate "2020.01.04"]
[EventType "tourn"]
[EventRounds "9"]
[EventCountry "NZL"]
[SourceTitle "EXT 2021"]
[Source "ChessBase"]
[SourceDate "2020.10.23"]
[SourceVersion "1"]
[SourceVersionDate "2020.10.23"]
[SourceQuality "1"]

1. e4 c5 2. Nf3 e6 3. b3 a6 4. a4 Nc6 5. Bb2 d6 6. d3 Nf6 7. Be2 Be7 8. 0-0 0-0 9. Nbd2 b6 10. Ne1 Bb7 11. f4 Qc7 12. Nef3 b5 13. Qe1 b4 14. Qg3 a5 15. Ng5 h6 16. Nh3 Nd4 17. Bd1 e5 18. fxe5 dxe5 19. Nc4 Nd7 20. Nf2 Kh8 21. Ng4 f6 22. Nge3 Rac8 23. Rc1 Kh7 24. Bg4 Rfd8 25. Bxd4 exd4 26. Qxc7 Rxc7 27. Nf5 Ne5 28. Nxe5 fxe5 29. Ng3 Bg5 30. Rce1 Bf4 31. Nh5 Rf7 32. Nxf4 Rxf4 33. Rxf4 exf4 34. Rf1 g5 35. g3 Rf8 36. Bf5+ Kg7 37. gxf4 gxf4 38. Rxf4 Bc8 39. Rg4+ Kf6 40. Rg6+ Kf7 41. Rxh6 Rg8+ 42. Kf2 Bxf5 43. exf5 Rg5 44. f6 Rf5+ 45. Ke2 Re5+ 46. Kf3 Re3+ 47. Kf2 Re5 48. Rh7+ Kxf6 49. Ra7 Rf5+ 50. Ke1 Rh5 51. Rxa5 Rxh2 52. Rxc5 Ke6 53. Kd1 Kd6 54. Rc4 Kd5 55. Kc1 Rh7 56. Rxb4 Kc5 57. Rc4+ Kd5 58. Kb2 Rb7 59. b4 Ra7 60. Kb3 Rb7 61. b5 Rb6 62. Kb4 Kd6 63. Rxd4+ Kc7 64. a5 Rb8 65. Kc5 Kb7 66. Rd7+ Ka8 67. c4 Rc8+ 68. Kb4 Rb8 69. b6 Rc8 70. a6 Re8 71. c5 Kb8 72. c6 Ka8 73. Ra7+ 1-0

[Event "George Trundle Reserves"]
[Site "Auckland"]
[Date "2020.01.05"]
[Round "2"]
[White "MacDonald, Paul"]
[Black "McDougall, Euan"]
[Result "1-0"]
[WhiteElo "1900"]
[BlackElo "1679"]
[PlyCount "83"]
[EventDate "2020.01.04"]
[EventType "tourn"]
[EventRounds "9"]
[EventCountry "NZL"]
[SourceTitle "EXT 2021"]
[Source "ChessBase"]
[SourceDate "2020.10.23"]
[SourceVersion "1"]
[SourceVersionDate "2020.10.23"]
[SourceQuality "1"]

1. b3 d5 2. Bb2 Bf5 3. Nf3 f6 4. d4 Nh6 5. e3 Nf7 6. c4 c6 7. Nc3 e6 8. Bd3 Bg6 9. Bxg6 hxg6 10. Qc2 g5 11. 0-0-0 Bd6 12. e4 Bf4+ 13. Kb1 dxe4 14. Qxe4 Qe7 15. g3 Bc7 16. Rhe1 e5 17. dxe5 Bxe5 18. Nd4 Nd6 19. Qg4 Qd7 20. Qxd7+ Kxd7 21. Nf5 Kc7 22. Rxe5 fxe5 23. Nxd6 Nd7 24. Nce4 g4 25. Ba3 Raf8 26. Nxb7 Rf3 27. Nbc5 Nf6 28. Ne6+ Kb6 29. Bc5+ Ka6 30. Nxf6 gxf6 31. Rd7 Ra8 32. Nc7+ Kb7 33. Nxa8+ Kxa8 34. Rxa7+ Kb8 35. Re7 Rf5 36. Rg7 e4 37. Be3 Ra5 38. Rxg4 f5 39. Rg5 Kb7 40. g4 Re5 41. Rxf5 Re7 42. h4 1-0

[Event "NZL-ch rapid op"]
[Site "Auckland"]
[Date "2019.01.23"]
[Round "1"]
[White "Sandler, Leonid"]
[Black "McDougall, Euan"]
[Result "1-0"]
[WhiteElo "2288"]
[BlackElo "1506"]
[PlyCount "147"]
[EventDate "2019.01.23"]
[EventType "swiss (rapid)"]
[EventRounds "9"]
[EventCountry "NZL"]
[SourceTitle "CBM 189 Extra"]
[Source "ChessBase"]
[SourceDate "2019.05.31"]
[SourceVersion "1"]
[SourceVersionDate "2019.05.31"]
[SourceQuality "1"]

1. d4 d5 2. c4 c6 3. Nf3 Nf6 4. Qc2 g6 5. Bf4 Bf5 6. Qb3 Qb6 7. c5 Qxb3 8. axb3 Nbd7 9. b4 Bg7 10. Nc3 Ne4 11. e3 f6 12. Be2 e5 13. Bg3 Nxg3 14. hxg3 0-0 15. b5 Rfb8 16. Kd2 Be4 17. Nxe4 dxe4 18. Bc4+ Kh8 19. Ne1 exd4 20. exd4 cxb5 21. Bxb5 Rd8 22. Ke3 f5 23. Bxd7 Rxd7 24. Nc2 a6 25. Rhd1 Rad8 26. Ra4 Kg8 27. Rb4 Kf7 28. Rb6 Rc7 29. b4 Bh6+ 30. Ke2 Rd5 31. Rh1 Kg7 32. Rb1 Bg5 33. b5 Bf6 34. Rb4 a5 35. Rc4 Kf7 36. Ne3 Rxd4 37. Rxf6+ Kxf6 38. Rxd4 Rxc5 39. Rd6+ Ke5 40. Rd7 Rxb5 41. Nc4+ Ke6 42. Rxh7 Rc5 43. Ne3 b5 44. Rb7 b4 45. Kd2 Ke5 46. Ra7 g5 47. Rxa5 Rxa5 48. Nc4+ Kd5 49. Nxa5 f4 50. gxf4 gxf4 51. Ke2 Kd4 52. Nb3+ Kc4 53. Nd2+ Kd4 54. Nb3+ Kc4 55. Na5+ Kb5 56. Nb3 Kc4 57. Nd2+ Kd4 58. g4 fxg3 59. fxg3 e3 60. Nb3+ Ke4 61. Na1 Kd4 62. Nc2+ Kc3 63. Nxe3 b3 64. Nd1+ Kd4 65. Nb2 Kc3 66. Na4+ Kb4 67. Nb2 Kc3 68. Nd3 Kd4 69. Kd2 Ke4 70. Nf2+ Kd4 71. g4 Kc4 72. g5 Kb4 73. g6 Ka3 74. Nd3 1-0

[Event "George Trundle Talents"]
[Site "Auckland"]
[Date "2018.07.15"]
[Round "9"]
[White "McDougall, Euan"]
[Black "Park Tamati, Philli"]
[Result "1-0"]
[WhiteElo "1490"]
[BlackElo "1423"]
[PlyCount "87"]
[EventDate "2018.07.07"]
[EventType "tourn"]
[EventRounds "9"]
[EventCountry "NZL"]
[SourceTitle "EXT 2019"]
[Source "ChessBase"]
[SourceDate "2018.10.10"]
[SourceVersion "1"]
[SourceVersionDate "2018.10.10"]
[SourceQuality "1"]

1. e4 c6 2. d4 d5 3. e5 Bf5 4. Bd3 Bxd3 5. Qxd3 e6 6. f4 Ne7 7. Nf3 Qa5+ 8. Bd2 Qa6 9. Qe3 Nf5 10. Qf2 h5 11. Nc3 Nd7 12. h3 h4 13. Nd1 c5 14. c3 Be7 15. Ne3 Ng3 16. Rg1 Rc8 17. Nf1 Qd3 18. Nxg3 hxg3 19. Qe2 Qg6 20. Be3 a6 21. Rd1 0-0 22. Qd3 Qxd3 23. Rxd3 cxd4 24. Bxd4 Nc5 25. Bxc5 Bxc5 26. Nd4 Bxd4 27. Rxd4 Rc6 28. Kd2 Rfc8 29. Rf1 b5 30. Rf3 a5 31. Rxg3 b4 32. Rdd3 Rc4 33. Rgf3 Kf8 34. f5 Ke7 35. f6+ gxf6 36. exf6+ Kd6 37. g4 e5 38. b3 bxc3+ 39. Rxc3 Rxc3 40. Rxc3 Rxc3 41. Kxc3 Ke6 42. g5 Kf5 43. h4 Kf4 44. g6 1-0